| 000 | 01309nam a2200253Ia 4500 | ||
|---|---|---|---|
| 003 | Ost | ||
| 005 | 20260507075409.0 | ||
| 008 | 260507s9999||||xx |||||||||||||| ||und|| | ||
| 020 | _a87101199579 | ||
| 040 | _cfsecg | ||
| 041 | _aara | ||
| 082 | _a600 | ||
| 100 |
_aالقطاونة، عادل محمد _eمؤلف |
||
| 245 | 0 |
_aالمحاسبة الضريبية / _c عادل محمد القطاونة |
|
| 260 |
_aعمان: _bدار وائل, _c2008 |
||
| 300 |
_a548 صفحة؛ _bإيضاحات ؛ _c24 سم |
||
| 504 | _aالمراجع ص.543 | ||
| 520 | _aيضم مدخل لدراسة ضريبة الدخل، ضريبة الدخل في الأردن، التعريف بقانون ضريبة الدخل في الأردن، تقدير ضريبة الدخل للموظفين والمستخدمين، تقدير الضريبة المقطوعة، التقدير الضريبي على المكلفين في حالة عدم مسك حسابات أصولية، التقدير الضريبي على الشركات المساهمة، الضريبة العامة على المبيعات | ||
| 653 | _aالضرائب- محاسبة | ||
| 653 | _aضرائب الدخل | ||
| 653 | _aضرائب الدخل- محاسبة | ||
| 700 |
_aعفانة، عدي حسين _eمؤلف ثانوي |
||
| 942 | _cكتاب | ||
| 999 |
_c44370 _d44370 |
||